|
|
|
|
| LEADER |
00833nam a2200265 4500 |
| 001 |
DLU140166105 |
| 005 |
##20141211 |
| 040 |
# |
# |
|a DLU
|b vie
|
| 041 |
# |
# |
|a vie
|
| 044 |
# |
# |
|a vn
|
| 100 |
# |
# |
|a Nguyễn Thị Kim Anh,
|c TS.
|
| 245 |
# |
# |
|a Chuyển giá và chống chuyển giá của các công ty xuyên quốc gia tại Việt Nam /
|c Nguyễn Thị Kim Anh.
|
| 653 |
# |
# |
|a Cán cân thương mại
|
| 653 |
# |
# |
|a Công ty xuyên quốc gia
|
| 653 |
# |
# |
|a Chính sách thuế
|
| 773 |
# |
# |
|t Nghiên cứu Kinh tế
|g Số 4(419), 2013, tr.47-53
|
| 920 |
# |
# |
|a Phòng Tạp chí -- Trung tâm Thông tin - Thư viện Trường Đại học Đà Lạt
|
| 994 |
# |
# |
|a DLU
|
| 900 |
# |
# |
|a True
|
| 911 |
# |
# |
|a Trần Thị Minh Hương
|
| 925 |
# |
# |
|a G
|
| 926 |
# |
# |
|a A
|
| 927 |
# |
# |
|a BB
|
| 980 |
# |
# |
|a Thư viện Trường Đại học Đà Lạt
|